| 000 | 00465nam a22001217a 4500 | ||
|---|---|---|---|
| 082 | _a200 THE | ||
| 100 |
_aIsma Shaheen _915888 |
||
| 245 | _aTH-SOF-1435-An Integrated Framework for the Design and Development of a Clinical Grading System for Early Cataract Detection | ||
| 260 |
_aIslamabad _bNUST College of EME _c2017 |
||
| 650 |
_aMS-CSE-13 MSTHESIS _969839 |
||
| 700 |
_aSupervisor Dr. Muhammad Usman Akram Co Supervisor Dr. Arslan Shaukat _970168 |
||
| 942 | _cCF | ||
| 999 |
_c577299 _d577299 |
||